000 02442nam a2200469Ia 4500
001 dia_5020
003 CHAP
005 20250805174359.0
007 ta
008 220117s2012 mx deo fr 001 0 spa d
040 _cCHAP
_amxchpua
090 _aT.C.582 S99 EIUPA 2012
245 1 0 _aEmpresa de cultivos varios La Cuba /
_ccoordinadores Rosa Guadalupe Szymanski Duque y Tayde Morales Santos ; colaboradores Blanca Aidé Albarrán Contreras...[et al.]
260 _aMéxico :
_bEl autor,
_c2012
300 _aiii, 58 hojas :
_bgráficas, diagramas, tablas, fotos, planos
336 _2rdacontent
_atexto
_btxt
337 _2rdamedia
_ano mediado
_bn
338 _2rdacarrier
_avolumen
_bnc
500 _a7° año Grupo 2
502 _aViaje de estudios
_b(EIUPA) --
_cUACh. Departamento de Ingeniería Agroindustrial,
_d2012
504 _aBibliografía: hoja 58
505 _a5 planos -- 1. Plano de distribucíon de áreas (Esc. 1:100) -- 2. Plano de distribución de maquinaria (Esc. 1:100) -- 3. Plano de distribución de áreas (Esc. 1:100) -- 4. Plano de distribución de área de la Finca 14 (Esc. 1:100) -- 5. Plano de distribución de área (Esc. 1:100)
650 1 3 _aIndustria de los alimentos
_9157347
_zCuba
650 1 3 _aPlátanos (fruta)
_9148778
650 1 3 _aFood industry
_9157346
_zCuba
650 1 3 _aPlantains (fruit)
_9148777
700 1 _aMorales Santos, Tayde
_978416
_ecoordinadora
700 1 _aSzymanski Duque, Rosa Guadalupe
_9151434
_ecoordinadora
700 1 _aAlbarrán Contreras, Blanca Aidé
_9125613
_ecolaboradora
856 4 1 _uhttp://10.13.5.2/ve/TC582_EIUPA/TC582_EIUPA_2012-REPORTE.pdf
_yDESCARGAR REPORTE
856 4 1 _uhttp://10.13.5.2/ve/TC582_EIUPA/TC582_EIUPA_2012-DISTRIBUCION_DE_AREAS.pdf
_yDESCARGAR PLANO DE DISTRIBUCIÓN DE ÁREAS
856 4 1 _uhttp://10.13.5.2/ve/TC582_EIUPA/TC582_EIUPA_2012-DISTRIBUCION_DE_AREAS_2.pdf
_yDESCARGAR PLANO DE DISTRIBUCIÓN DE ÁREAS 2
856 4 1 _uhttp://10.13.5.2/ve/TC582_EIUPA/TC582_EIUPA_2012-DISTRIBUCION_DE_MAQUINARIA.pdf
_yDESCARGAR PLANO DE DISTRIBUCIÓN DE MAQUINARIA
856 4 1 _uhttp://10.13.5.2/ve/TC582_EIUPA/TC582_EIUPA_2012-DISTRIBUCION_DE_MAQUINARIA_2.pdf
_yDESCARGAR PLANO DE DISTRIBUCIÓN DE MAQUINARIA 2
901 _aT.C.582 S99 EIUPA 2012
902 _aM
905 _a5232272012 mx imne8223223322spa16
942 _2local
942 _cVE
999 _c175843
_d175843